Was I born in Central Asia? (Hard) Quiz Stats

 Plays Quiz not verified by Sporcle

Challenge
Share
Tweet
Score 0/30 Timer 10:00
0 Plays Today
% Correct
Born in Shahrisabz, Uzbekistan
90.5%
Born in Bukhara, Uzbekistan
73.3%
Born in Bishkek, Kyrgyzstan
73.3%
Born in Gypjak, Turkmenistan
71.4%
Born in Andijan, Uzbekistan
70.5%
Born in Gelsenkirchen, Germany
65.7%
Born in Afšana, Uzbekistan
64.8%
Born in Saint Petersburg, Russia
61.9%
Born in Osh, Kyrgyzstan
61.9%
Born in Xorazm, Uzbekistan
59%
Born in Russia
59%
Born in London, United Kingdom
57.1%
Born in Europe, possibly in present-day Hungary
57.1%
Born in Istanbul, Turkey
56.2%
Born in Kabul, Afghanistan
56.2%
% Correct
Born in Balkhash, Kazakhstan
55.2%
Born in Tashkent, Uzbekistan
55.2%
Born in Oskemen, Kazakhstan
55.2%
Born in Tehran, Iran
54.3%
Born in San Francisco, USA
54.3%
Born in Kazan, Russia
54.3%
Born in Bishkek, Kyrgyzstan
54.3%
Born in Bremen, Germany
53.3%
Born in Almaty, Kazakhstan
50.5%
Born in Ghulja, China
49.5%
Born in Bayan Tu'men (now Choibalsan), Mongolia
49.5%
Born in Tashkent, Uzbekistan
44.8%
Born in Gagarin, Uzbekistan
40%
Born in Ürümqi, China
37.1%
Born in Dera Ghazi Khan, Pakistan
36.2%

You're not logged in!

Compare scores with friends on all Sporcle quizzes.
OR
Log In

You Might Also Like...

Show Comments

Extras

Top Quizzes Today


Score Distribution

Your Account Isn't Verified!

In order to create a playlist on Sporcle, you need to verify the email address you used during registration. Go to your Sporcle Settings to finish the process.

Report this User

Report this user for behavior that violates our Community Guidelines.

Details: